| 000 | 01152nam a2200253Ia 4500 | ||
|---|---|---|---|
| 001 | 242.1-MAL ni tr (12653) | ||
| 003 | IT-MiSPE | ||
| 008 | 171229s9999||||xx |||||||||||||| ||und|| | ||
| 040 |
_aIT-MiSPE _cIT-MiSPE |
||
| 041 | _aITALIANO | ||
| 100 | _aNicolas Malebranche | ||
| 240 | _aTraité de l'amour de Dieu; Troisième lettre au R. P. Lamy | ||
| 245 | 0 | _aTrattato dell'amore di Dio; III Lettera a Lamy | |
| 250 | _a1a ed. (v) | ||
| 260 |
_aMilano _bRusconi _c1997 |
||
| 300 |
_a238 p. _c21 cm |
||
| 490 |
_aTesti a fronte _v46 |
||
| 501 | _aEdizioni San Paolo srl - Piazza Soncino, 5 - 20092 CINISELLO BALSAMO (MI) (non commercial uses only) ® Copyright 2018 | ||
| 520 | _aDomenico Bosco (intr., apparati). Ed. bilingue | ||
| 700 |
_aDomenico Bosco _g(traduzione) |
||
| 942 | _cBK | ||
| 957 | _71 | ||
| 999 |
_a11362 _bNO _g Copie: 1 _c342141 _d342141 |
||